MARC details
| 000 -LÍDER |
| campo de controle de tamanho fixo |
01324nam a2200349 4500 |
| 001 - NÚMERO DE CONTROLE |
| campo de controle |
327 |
| 003 - IDENTIFICADOR DO NÚMERO DE CONTROLE |
| campo de controle |
OSt |
| 005 - DATA E HORÁRIO DA ÚLTIMA TRANSAÇÃO |
| campo de controle |
20250528074018.0 |
| 008 - CAMPO DE DADOS FIXOS--INFORMAÇÃO GERAL |
| campo de controle de tamanho fixo |
250327b |||||||g |||| 00| 1 eng d |
| 040 ## - FONTE DA CATALOGAÇÃO |
| Idioma da catalogação |
por |
| 041 ## - CÓDIGO DE IDIOMA |
| Código do idioma do original e/ou traduções intermediárias do texto |
eng |
| Código do idioma do texto/trilha sonora ou título diferente |
por |
| 082 ## - CDD - CLASSIFICAÇÃO DECIMAL DE DEWEY |
| Número de Classificação |
028.5 |
| Número do exemplar |
K16b |
| 100 1# - ENTRADA PRINCIPAL--NOME PESSOAL |
| Nome pessoal |
Kane, Bob, |
| Datas associadas ao nome |
1916-1998 |
| 9 (RLIN) |
670 |
| 240 ## - TÍTULO UNIFORME |
| Título uniforme |
Batman special n° 33 |
| 245 ## - TÍTULO |
| Título |
Batman - especial n° 33 / |
| Indicação de responsabilidade, etc. |
Kane, Bob ; História de Denny O´Neil e Desenho de Bob Brown e Dick Giordano |
| 260 ## - PUBLICAÇÃO, DISTRIBUIÇÃO, ETC. |
| Local de publicação, distribuição, etc. |
São Paulo |
| Nome do editor, distribuidor, etc. |
EBAL |
| Data da publicação, distribuição, etc. |
1973 |
| 300 ## - DESCRIÇÃO FÍSICA |
| Extensão |
34 p. |
| Outros detalhes físicos |
il. |
| 490 1# - TÍTULO DA SÉRIE |
| Título da série |
Batman (em cores) 1° série |
| Número do volume ou designação sequencial da série |
vol. 33 |
| 520 ## - NOTA DE RESUMO, ETC. |
| Resumo, etc. |
Publicada pela primeira vez em Batman (1940) n° 248/1973 - DC Comics<br/>Batman volta a enfrentar o Coronel Sulphur e, de quebra, encara um ex-marinheiro que traiu os Aliados durante a Segunda Guerra Mundial em troca de um lendário diamante japonês cujo paradeiro pretende descobrir não importa a que custo. |
| 650 #0 - ASSUNTO--TERMO TÓPICO |
| Cabeçalho tópico ou nome geográfico |
Literatura Americana |
| 9 (RLIN) |
84 |
| 650 #0 - ASSUNTO--TERMO TÓPICO |
| Cabeçalho tópico ou nome geográfico |
Infantojuvenil |
| 9 (RLIN) |
200 |
| 650 #0 - ASSUNTO--TERMO TÓPICO |
| Cabeçalho tópico ou nome geográfico |
Aventura |
| 9 (RLIN) |
47 |
| 650 #0 - ASSUNTO--TERMO TÓPICO |
| Cabeçalho tópico ou nome geográfico |
Ação |
| 9 (RLIN) |
64 |
| 650 #0 - ASSUNTO--TERMO TÓPICO |
| Cabeçalho tópico ou nome geográfico |
Super-heróis |
| 9 (RLIN) |
671 |
| 655 #0 - TERMO DE ÍNDICE--GÊNERO E FORMA |
| Gênero/forma/ou termo foco |
HQs |
| 655 #0 - TERMO DE ÍNDICE--GÊNERO E FORMA |
| Gênero/forma/ou termo foco |
Ficção |
| 700 ## - ENTRADA ADICIONADA - NOME PESSOAL |
| Nome pessoal |
Denny O´Neil |
| Função do autor por extenso |
História |
| 9 (RLIN) |
675 |
| 700 ## - ENTRADA ADICIONADA - NOME PESSOAL |
| Nome pessoal |
Bob Brown |
| Função do autor por extenso |
Desenho |
| 9 (RLIN) |
676 |
| 700 ## - ENTRADA ADICIONADA - NOME PESSOAL |
| Nome pessoal |
Dick Giordano |
| Função do autor por extenso |
Desenho |
| 9 (RLIN) |
677 |
| 830 ## - ENTRADA SECUNDÁRIA DE SÉRIE--TÍTULO UNIFORME |
| Título uniforme |
Batman (em cores) 1° série |
| Número do volume ou designação sequencial da série |
vol. 33 |
| 9 (RLIN) |
674 |
| 942 ## - ELEMENTOS DE ENTRADA ADICIONADOS (KOHA) |
| Fonte de classificação ou esquema de arquivamento |
Classificação decimal de Dewey |
| Ocultar no OPAC |
Não |
| Tipo de material Koha |
Livros |